Ligne Maginot - Ouvrages / casemates du Secteur Fortifié de Thionville - Statistiques

Statistiques générales
  • Ce quiz a été pris 16 fois
  • Le résultat moyen est 10 sur 28
Statistiques - réponses
Hint Réponse % Correct
Gros Ouvrage A8... Rochonvillers
71%
Petit Ouvrage A12... Bois Karre
57%
Casemate C41... Entrange
57%
Gros Ouvrage A15 Galgenberg
57%
Casemate C36... Grand Lot
43%
Gros Ouvrage A13 Kobenbusch
43%
Gros Ouvrage A17 Métrich
43%
Petit Ouvrage A16 Sentzich
43%
Gros Ouvrage A11... Soetrich
43%
Casemate C46 Basse Parthe Est
29%
Casemate C45... Basse Parthe Ouest
29%
Gros Ouvrage A18 Billig
29%
Casemate C43... Bois de Kanfen Est
29%
Casemate C42... Bois de Kanfen Ouest
29%
Casemate C52 Bois de Koenigsmacker
29%
Casemate C44... Boust
29%
Casemate C38... Escherange-Est
29%
Casemate C37... Escherange-Ouest
29%
Petit Ouvrage A10... Immerhof
29%
Casemate C48 Koenigsmacker Nord
29%
Casemate C49 Koenigsmacker Sud
29%
Casemate C50 Métrich Nord
29%
Casemate C51 Métrich Sud
29%
Gros Ouvrage A9... Molvange
29%
Petit Ouvrage A14 Oberheide
29%
Casemate C40... Petersberg-Est
29%
Casemate C39... Petersberg-Ouest
29%
Casemate C47 Sonnenberg
29%
Aucun quiz correspondant
Distribution des résultats
% des personnes avec chaque résultat
Percentile par nombre de réponses
Votre historique - résultats
Vous n’avez pas pris ce quiz